000 00743nam a2200229 u 4500
005 20240314063639.0
008 100129s2006 es r 000 0 spa d
020 _a8426355021
035 _aUPN01000174382
049 _aI
050 4 _aPZ7
_bP7.4 2006
100 1 _aPreller, James,
_d1961-
_930388
245 1 4 _aLos cromos robados /
_cJames Preller ; il. Peter Nieländer ; tr. Frank Schleper.
250 _a3a ed.
260 _aZaragoza, Esp. :
_bEdelvives,
_c2006.
300 _a80 p. :
_bil. col.
440 0 _aNino puzle ;
_v6
534 _pTítulo original:
_tThe case of the stolen baseball cards
650 4 _aCuentos infantiles estadounidenses
_910762
650 4 _aDETECTIVES -
_vLITERATURA JUVENIL
_910860
905 _aInfantil
999 _c146486
_d146486